Ki volt Bocskai István 400 éve köttetett meg a bécsi béke

Bibliographic Details
Main Author: Dobainé Kiss, Ilona, 1937-2012 (Author)
Format: Article
Language:Hungarian
PhysicalDescription:Obr.
ISSN:1335-7298
Subjects:

MARC

LEADER 00000nab a2200000 ar4500
001 vtls008994600
003 SK-MaSNL
005 20260319071228.0
008 060727c2006 xo |||||||| 000 b|hun
015 |a SNBRB2006/07  |2 snkbucl 
038 |a SNKBUCL 
040 |a DSZK  |b slo  |c DSZK  |e AACR2 
041 0 |a hun 
044 |a xo  |c SK 
080 |a 94(439.21)-051  |x "15/16"  |x (048)  |2 1997 
080 |a 929 Bočkai, Štefan  |x (048)  |2 1997 
080 |a 94(498)-051  |x "15/16"  |x (048)  |2 1997 
100 1 |a Dobainé Kiss, Ilona,  |d 1937-2012  |4 aut  |9 499998 
245 1 0 |a Ki volt Bocskai István  |b 400 éve köttetett meg a bécsi béke  |c Dobainé Kiss Ilona 
300 |b Obr. 
500 |a Začiatok 
600 1 7 |a Bočkai, Štefan,  |d 1557-1606  |2 snkbucl 
773 0 |t Kálvinista szemle  |g Évf. LXXVII, sz. 7-8 (2006), o. 10-11  |x 1335-7298 
852 |a SNK  |b KIS3GCP 
852 |a DSZK  |b KIS3GCP 
958 |a HU 
958 |a RO 
958 |a BC 
999 |c 1748513  |d 1750443